000 00908nam a22003017a 4500
003 CHAP
005 20220329134853.0
008 971013s1982 r 00010 d
010 _a27241
011 _a28213
035 _a32316
040 _cCHAP
082 _a595.754
_bK4
100 0 0 _aKelton, Leonard A.
_962975
245 _aPlant bugs on fruit crops in Canada
_b: Heteroptera : Miridae
260 _aOttawa :
_bResearch Branch Agriculture Canada,
_c1982
300 _a201 p.
_b: ilus.
490 _aMonograph
_v; 24
590 _aBATCH-UPD
_b10
_c20130110
_lUCH01
_h0217
590 _aBATCH-UPD
_b10
_c20130110
_lUCH01
_h1250
590 _aCONVERSION
_b10
_c20130109
_lUCH01
_h1316
650 1 4 _aFruta
_xPlagas.
_943646
650 1 4 _aMiridae.
_976143
830 0 _aMonograph
_v; 24
_977593
901 _aBK
942 _cLIBRO
949 _a595.754 K4
_bBC
_cLIBRO
_d33724000369781
_eLIBRO
_h67571
_i32316
_si
999 _c27241
_d27241